The failure of the Central European burgeoisie new perspectives on Hungarian history

Bibliographic Details
Main Author: Szelényi, Balázs A. (Author)
Format: Book
Language:English
PhysicalDescription:246 s. ilustr., mp. 22 cm
Published: New York Palgrave MacMillan 2006
ISBN:9781403974693
1403974691
Edition:1st ed.
Subjects:

MARC

LEADER 00000nam a22000005a 4500
001 vtls009165091
003 SK-MaSNL
005 20260301081402.0
008 240318s2006 xxuab rn 001 0 eng
015 |a SNBZSA2008-00142 
020 |a 9781403974693  |q (viaz.) 
020 |a 1403974691 
035 |a 283486F5-B11B-4E22-9436-1A4E4AE1D0C2 
035 |a urn:nbn:sk:snk-amlah2 
035 |a urn:nbn:sk:snk-am00939u 
040 |a SNK  |b slo  |c SNK  |e AACR2 
041 0 |a eng 
043 |a e-xo---  |a e-hu--- 
044 |a xxu  |c HU 
072 7 |a 94(430/439)  |x Dejiny krajín strednej Európy  |2 konspekt 
080 |a 94(439.2)  |2 2001 
080 |a 33  |x (439.2)  |x (091)  |2 2001 
080 |a 908(439.2)  |2 2001 
100 1 |a Szelényi, Balázs A.  |4 aut  |9 404593 
245 1 4 |a The failure of the Central European burgeoisie  |b new perspectives on Hungarian history 
250 |a 1st ed. 
260 |a New York  |b Palgrave MacMillan  |c 2006 
300 |a 246 s.  |b ilustr., mp.  |c 22 cm 
504 |a Bibliogr. Reg. 
650 0 7 |a mestá  |2 snkph  |9 2929 
650 0 7 |a buržoázia  |2 snkph  |9 4870 
650 0 7 |a ekonomika  |z Uhorsko  |2 snkph  |9 404594 
651 7 |a Uhorsko  |x dejiny  |2 snkph  |9 56334 
655 7 |a monografie  |2 snkph  |9 70139 
919 |a 978-1-4039-7469-3 
919 |a 1-4039-7469-1 
958 |a ZS 
958 |a HU 
958 |a RO 
958 |a NB 
999 |c 655749  |d 657679 
952 |a SNK  |b SNK  |y VYP  |7 0  |p 17A0675318  |o snkSC 130080 D1  |i snk2010/23842  |8 2  |g 54.00  |0 0  |1 0  |4 0  |d 2010-09-28  |l 0  |r 2026-02-23 18:36:04  |w 2026-02-23 
952 |a SNK  |b SNK  |y PREZ  |7 0  |p 17A0573195  |o snkSC 130080  |i snk2007/26655  |8 3  |g 92.05  |0 0  |1 0  |4 0  |d 2007-12-05  |f 1  |l 0  |r 2025-06-18 00:00:00  |w 2026-02-23